00701nam a2200253 a 4500001001300000003000900013005001700022008004100039020000800080082001500088100001300103245003800116260004500154300000900199500003500208505001000243650002300253650003700276700001300313902000800326942000700334952009300341999001300434nice12345678IN_TiNIC20260116011313.0050524s1920 newa grp 000 0 eng  ac000a270.1bANG aAngus, S aEnvironment of Early Christianity aNew YorkbCharles Scribner`s Sons,c1920 a240p aincludes index and biblioraphy2 aIndex aChristianity-Spain aChurch-History Primitive & Early1 aAngus, S bSRS cBK 00104070aHMIbHMId2005-05-24g0.00l0o270.1 ANGp00678r2005-05-24w2026-01-16yEB c346d346